| 000 | 00412nam a2200109Ia 4500 | ||
|---|---|---|---|
| 008 | 171204s9999 xx 000 0 und d | ||
| 245 | _aDistribution Revolution: Conversations about the Digital Future of Film and Television: | ||
| 245 | _cJennifer Holt, Kevin Sanson, Kurt Sutter, and Michael Curtin | ||
| 260 | _c2014 | ||
| 650 | _xINTRODUCTION TO FILM | ||
| 856 | _uhttp://down.ebook777.com/013/9780520283251.pdf | ||
| 999 |
_c346085 _d346085 |
||